1151 1211 1126 1946 1824 1425 1447 1631 1957 1651 1961 1576 1221 1288 1444 1757 1598 1062 1838 1925 1758 1564 1107 1130 1325 1245 1174 1706 1858 1137 1369 1897 1864 1691 1967 1363 1966 1930 1122 1136 1842 1733 1203 1412 1433 1363 1445 1770 1218 1010 1075 1910 1300 1113 1899 1870 1632 1757 1041 1898 1719 1277 1521 1472 1506 1925 1855 1622 1673 1578 1986 1312 1050 1454 1238 1566 1613 1120 1890 1874 1073 1977 1632 1084 1333 1877 1110 1936 1258 1253 1741 1454 1663 1487 1167 1948 1158 1169 1522 BCNSPRNW ULIB Ver.6.0+V

เปลี่ยนเป็นภาษาไทย

Change to English
 แสดงรายละเอียดบรรณานุกรม
  กลับหน้าหลัก

Brief Record : Get Marc (ISO 2709) : E-mail record : QR code < ปิดหน้าต่าง
LEADER : 00000nam 2200000uu 4500
001    13399108268
003     ULIB
008    110225s2552||||th 000 0 tha d
020    9789746724098
060 04 WW140^bส286ร 2552
245 00 โรคตาที่พบบ่อยในเวชปฏิบัติ /^cบรรณาธิการ, สมสงวน อัษญคุณ... [และคนอื่น ๆ]
260    เชียงใหม่ :^bภาควิชาจักษุวิทยา คณะแพทยศาสตร์มหาวิทยาลัยเชียงใหม่,^c2552
300    xvii, 396 หน้า :^bภาพประกอบ ;^c29 ซม.
650  2 Eye Diseases
650  2 Ophthalmology
650  7 ตา, โรค
700 0  สมสงวน อัษญคุณ,^eบรรณาธิการ
710 2  มหาวิทยาลัยเชียงใหม่. ^bคณะแพทยศาสตร์. ^bภาควิชาจักษุวิทยา
945    ^p900^l0^i028992
945    ^p900^l0^i028991
945    ^p900^l0^i028283
945    ^p900^l0^i028282
945    ^p900^l0^i028281
945    ^p900^l0^i028284
945    ^p900^l0^i028280
995     ทศพร
999 ^a ใช้งานได้ทุกระบบ
รายการนี้ยังไม่มีแท็ก
คุณยังไม่ได้ล็อกอิน คุณสามารถมีกิจกรรมร่วมกับเว็บไซต์ได้ แต่ต้องล็อกอินก่อน ::
  ล็อกอิน

รายการสื่อสารสนเทศ

ลำดับที่ ประเภท เลขเรียก/บาร์โค้ด สถานที่ สถานะ
- ไม่พบข้อมูล -

รายการใกล้เคียง
    หัวเรื่อง [Eye Diseases]
    หัวเรื่อง [Ophthalmology]
    หัวเรื่อง [ตา, โรค]

BibComment


ยังไม่เคยถูกคอมเมนท์

คอมเมนท์ทรัพยากรรายการนี้
  คอมเมนท์: โรคตาที่พบบ่อยในเ..


 Copyright 2026. Bcnsprnw @Library